000
00276nam a22001217a 4500
082
_a
001
_b
CAS/B
100
_a
CASLEY CHRISTINE
245
_a
THE BOOK OF WHERE
260
_a
LONDON
_b
HAMLYN PUBLISHING GROUP
300
_a
177
650
_a
GENERAL KNOWLEDGE
_z
LONDON
942
_c
BK
999
_c
2676
_d
2676